000 00327 a2200145 4500
001 92027
082 _a421.1 COL
090 _c43984
_d43983
100 _aColins
245 _aImprove your punctuation
250 _a1
260 _aUK
_bHarper Collins Publisher
_c2009
300 _av,185p.
_bPb
500 _aReference book
942 _aCAE NUST
_k421.1 COL
999 _c327100
_d327100